| 000 | 02333ncm1a2200385 i 4500 | ||
|---|---|---|---|
| 001 | RU\NLR\ONIZ\227804 | ||
| 005 | 20260406155439.0 | ||
| 035 | _a(NLR Aleph) 012226692 | ||
| 090 |
_a10962877 _c10962877 |
||
| 100 | _a20200218d1917 |||y0rusy50 ca | ||
| 101 | 1 | _arus | |
| 102 | _aRU | ||
| 125 | _aax | ||
| 128 |
_asg _ali |
||
| 145 | 0 | _ac | |
| 200 | 1 |
_aПесни Гафиза _bНоты _e[для голоса с фортепиано] _eор. 76 _fА. Гречанинов _gв переводе А. Фета и Вл. Соловьева |
|
| 210 |
_aМосква _cА. Гутхейль _dcop. 1917 |
||
| 215 | _d35 см | ||
| 313 | _aСистематизация документа проведена по изданию - Методика классифицирования музыкальных произведений (нотных изданий) по таблицам Библиотечно-библиографических классификаций : метод. рекомендации / Гос. б-ка СССР им. В.И. Ленина.- М., 1977. Индексу ББК методических рекомендаций присваивается код ББК для научных библиотек - LBC/SL | ||
| 606 | 1 |
_aВокальная музыка русская _z20 в. _jНоты _2nlr_sh |
|
| 608 |
_aРоманс (вокальный) _yРоссия _z20 в. _jНоты _2nlr_sh |
||
| 686 |
_aЩ943.4-42-043.2(28)я44 _vLBC/SL _2rubbk |
||
| 700 | 1 |
_9z01790 _aГречанинов _bА. Т. _f1864 - 1956 _gАлександр Тихонович _4230 _7ca |
|
| 702 | 0 |
_4520 _8rus _7ca _aХафиз _fок.1325-1389 _3RU\NLR\AUTH\779070 _9118938 |
|
| 702 | 1 |
_9z03790 _aФет _bА. А. _f1820 - 1892 _gАфанасий Афанасьевич _4730 _7ca |
|
| 702 | 1 |
_4730 _8rus _7ca _aСоловьев _bВ. С. _cфилософ, поэт _f1853-1900 _gВладимир Сергеевич _3RU\NLR\AUTH\777693 _9117625 |
|
| 790 | 1 |
_9z01700 _aGrečaninov _bA. T. _f1864 - 1956 _gAleksandr Tichonovič _4230 _7ba |
|
| 790 | 1 |
_9z03702 _aFet _bA. A. _f1820 - 1892 _gAfanasij Afanas`evič _4730 _7ba |
|
| 790 | 1 |
_9z04702 _aSolov`ev _bV. S. _f1853-1900 _gVladimir Sergeevič _4730 _7ba |
|
| 801 | 0 |
_aRU _bNLR _c20200218 _gPSBO |
|
| 801 | 1 |
_aRU _bNLR _c20200218 _2rusmarc |
|
| 801 | 2 |
_aRU _bNLR _c20200218 |
|
| 942 | _cSCORE | ||
| 980 | _aONIZ | ||